Risk-Adjusted Performance of South African Active Investment Strategy of Liability-Driven Investor
Tento dokument skúma rizikovo upravenú výkonnosť aktívnej investičnej stratégie šitej na mieru pre investora riadeného zodpovednosťou (LDI) na finančnom trhu v Južnej Afrike.
Saved in:
| Main Author: | |
|---|---|
| Format: | Book Chapter |
| Language: | English |
| Subjects: | |
| Tags: |
No Tags, Be the first to tag this record!
|
MARC
| LEADER | 00000naa a2200000 4500 | ||
|---|---|---|---|
| 001 | 0303113 | ||
| 005 | 20240718102629.9 | ||
| 041 | 0 | |a eng | |
| 044 | |a TR | ||
| 245 | 1 | 0 | |a Risk-Adjusted Performance of South African Active Investment Strategy of Liability-Driven Investor |c Martin Kocúrek |
| 520 | |a Tento dokument skúma rizikovo upravenú výkonnosť aktívnej investičnej stratégie šitej na mieru pre investora riadeného zodpovednosťou (LDI) na finančnom trhu v Južnej Afrike. | ||
| 610 | 2 | 0 | |a investori |
| 610 | 2 | 0 | |a Afrika |
| 610 | 2 | 0 | |a investovanie |
| 610 | 2 | 0 | |a riziko |
| 100 | 1 | |a Kocúrek, Martin, 1990- | |